Švajčiarsky test solventnosti
Švajčiarsky test solventnosti (SST) sa orientuje na skutočne podstúpené riziká, podporuje prechod k rizikovo vedomej kultúre poisťovní. Tento model sa začal vyvíjať v roku 2003 a už v roku 2006 vstúpil do platnosti. Hlavným cieľom modelu je ochrana poistených a samotnej poisťovne. SST si získal uzna...
Salvato in:
| Autore principale: | |
|---|---|
| Natura: | Capitolo di libro |
| Lingua: | slovacco |
| Soggetti: | |
| Tags: |
Nessun Tag, puoi essere il primo ad aggiungerne!!
|
MARC
| LEADER | 00000nla$a2200000$$$4500 | ||
|---|---|---|---|
| 001 | 0069151 | ||
| 005 | 20240502071833.2 | ||
| 041 | 0 | |a slo | |
| 044 | |a SK | ||
| 245 | 1 | 0 | |a Švajčiarsky test solventnosti |c Ingrid Vachálková |
| 520 | |a Švajčiarsky test solventnosti (SST) sa orientuje na skutočne podstúpené riziká, podporuje prechod k rizikovo vedomej kultúre poisťovní. Tento model sa začal vyvíjať v roku 2003 a už v roku 2006 vstúpil do platnosti. Hlavným cieľom modelu je ochrana poistených a samotnej poisťovne. SST si získal uznanie na medzinárodnej úrovni a je vzorom pre Solvency II. Význam a ciele SST. Trhovo rizikový model - základ SST. Dopady zavedenia SST. | ||
| 610 | 2 | 0 | |a poisťovne |
| 610 | 2 | 0 | |a solventnosť |
| 610 | 2 | 0 | |a kapitál |
| 610 | 2 | 0 | |a poistenci |
| 610 | 2 | 0 | |a ochrana poistná |
| 610 | 2 | 0 | |a modely |
| 610 | 2 | 0 | |a Švajčiarsko |
| 100 | 1 | |a Vachálková, Ingrid | |